000 00243nam a2200097Ia 4500
001 734404
005 20250826163833.0
008 250824s9999 xx 000 0 und d
245 0 _aMUTLULUK SAĞLIKTIR
_cPROF.DR.SEFA SAYGILI
260 _bYEDİVEREN
999 _c734404
_d734404